| 000 | 00575nam a22001697a 4500 | ||
|---|---|---|---|
| 005 | 20260204075227.0 | ||
| 008 | 260204b |||||||| |||| 00| 0 eng d | ||
| 020 | _a9812405828 | ||
| 040 | _cJHCSC | ||
| 082 |
_2Fourth Edition _a004.21 Sy995 2001 |
||
| 100 |
_910112 _aGary B. Shelly | Thomas J. Cashman | Harry J. Rosenblatt _eAuthor |
||
| 245 |
_aSystems Analysis and Design _cGary B. Shelly | Thomas J. Cashman | Harry J. Rosenblatt |
||
| 250 | _aFourth Edition | ||
| 260 |
_aSingapore _bCourse Technology _cc2001 |
||
| 300 |
_aix, 4.16 _billustrations |
||
| 942 |
_2ddc _cBOOK |
||
| 999 |
_c11318 _d11318 |
||